| 000 -LEADER |
| fixed length control field |
01322cam a2200349 a 4500 |
| 001 - CONTROL NUMBER |
| control field |
863384 |
| 005 - DATE AND TIME OF LATEST TRANSACTION |
| control field |
20170125121425.0 |
| 008 - FIXED-LENGTH DATA ELEMENTS--GENERAL INFORMATION |
| fixed length control field |
790809s1979 nyua bc 001 0beng |
| 010 ## - LIBRARY OF CONGRESS CONTROL NUMBER |
| LC control number |
79003075 |
| 020 ## - INTERNATIONAL STANDARD BOOK NUMBER |
| International Standard Book Number |
0195026454 |
| 020 ## - INTERNATIONAL STANDARD BOOK NUMBER |
| International Standard Book Number |
0195026462 (pbk.) |
| 040 ## - CATALOGING SOURCE |
| Original cataloging agency |
DLC |
| Transcribing agency |
DLC |
| Modifying agency |
DLC |
| 043 ## - GEOGRAPHIC AREA CODE |
| Geographic area code |
n-us-dc |
| 050 00 - LIBRARY OF CONGRESS CALL NUMBER |
| Classification number |
PR2933 |
| Item number |
.F64S3 1979 |
| 100 1# - MAIN ENTRY--PERSONAL NAME |
| Personal name |
Schoenbaum, S. |
| Fuller form of name |
(Samuel), |
| Dates associated with a name |
1927-1996. |
| 245 10 - TITLE STATEMENT |
| Title |
Shakespeare, the Globe & the world / |
| Statement of responsibility, etc. |
S. Schoenbaum. |
| 260 ## - PUBLICATION, DISTRIBUTION, ETC. (IMPRINT) |
| Place of publication, distribution, etc. |
New York : |
| Name of publisher, distributor, etc. |
Oxford University Press, |
| Date of publication, distribution, etc. |
1979. |
| 300 ## - PHYSICAL DESCRIPTION |
| Extent |
208 p. : |
| Other physical details |
ill. (some col.) ; |
| Dimensions |
31 cm. |
| 500 ## - GENERAL NOTE |
| General note |
Prepared for a Folger Shakespeare Library exhibition held at various institutions Oct. 1979-Apr. 1981. |
| 500 ## - GENERAL NOTE |
| General note |
Includes index. |
| 504 ## - BIBLIOGRAPHY, ETC. NOTE |
| Bibliography, etc |
Bibliography: p. [202] |
| 600 10 - SUBJECT ADDED ENTRY--PERSONAL NAME |
| Personal name |
Shakespeare, William, |
| Dates associated with a name |
1564-1616 |
| General subdivision |
Exhibitions. |
| 600 10 - SUBJECT ADDED ENTRY--PERSONAL NAME |
| Personal name |
Shakespeare, William, |
| Dates associated with a name |
1564-1616. |
| 610 20 - SUBJECT ADDED ENTRY--CORPORATE NAME |
| Corporate name or jurisdiction name as entry element |
Folger Shakespeare Library. |
| 650 #0 - SUBJECT ADDED ENTRY--TOPICAL TERM |
| Topical term or geographic name as entry element |
Dramatists, English |
| Chronological subdivision |
Early modern, 1500-1700 |
| Form subdivision |
Biography. |
| 710 2# - ADDED ENTRY--CORPORATE NAME |
| Corporate name or jurisdiction name as entry element |
Folger Shakespeare Library. |
| 710 2# - ADDED ENTRY--CORPORATE NAME |
| Corporate name or jurisdiction name as entry element |
Rouben Mamoulian Collection (Library of Congress) |
| Institution to which field applies |
DLC |
| 942 ## - ADDED ENTRY ELEMENTS (KOHA) |
| Source of classification or shelving scheme |
|
| Koha item type |
Hard Covered Materials |
| Classification part |
PR2933 .F64S3 1979 |